Craft a life you love : (Record no. 590545)

000 -LEADER
fixed length control field 01193cam a2200349 i 4500
001 - CONTROL NUMBER
control field 19694566
003 - CONTROL NUMBER IDENTIFIER
control field NUST
005 - DATE AND TIME OF LATEST TRANSACTION
control field 20220828165324.0
008 - FIXED-LENGTH DATA ELEMENTS--GENERAL INFORMATION
fixed length control field 170607t20182018nyu 000 0 eng
010 ## - LIBRARY OF CONGRESS CONTROL NUMBER
LC control number 2017944948
020 ## - INTERNATIONAL STANDARD BOOK NUMBER
International Standard Book Number 9781419730061
Qualifying information (paperback)
038 ## - RECORD CONTENT LICENSOR
Staff Name Azhar
040 ## - CATALOGING SOURCE
Original cataloging agency DLC
Language of cataloging eng
Description conventions rda
Transcribing agency DLC
Modifying agency DLC
042 ## - AUTHENTICATION CODE
Authentication code pcc
050 00 - LIBRARY OF CONGRESS CALL NUMBER
Classification number BF408
Item number .T2674 2019
082 00 - DEWEY DECIMAL CLASSIFICATION NUMBER
Classification number 153.35
Edition number 23
Author Mark TAN
100 1# - MAIN ENTRY--PERSONAL NAME
Personal name Tangerine, Amy,
Relator term author.
9 (RLIN) 94737
245 10 - TITLE STATEMENT
Title Craft a life you love :
Remainder of title infusing creativity, fun, & intention into your everyday
Statement of responsibility, etc. Amy Tangerine.
260 ## - PUBLICATION, DISTRIBUTION, ETC.
Place of publication, distribution, etc. New York :
Name of publisher, distributor, etc. Abrams Image,
Date of publication, distribution, etc. 2018
300 ## - PHYSICAL DESCRIPTION
Extent 175 p
Dimensions 22 cm
336 ## - CONTENT TYPE
Content type term text
Content type code txt
Source rdacontent
337 ## - MEDIA TYPE
Media type term unmediated
Media type code n
Source rdamedia
338 ## - CARRIER TYPE
Carrier type term volume
Carrier type code nc
Source rdacarrier
563 ## - BINDING INFORMATION
Binding note PB
650 #0 - SUBJECT ADDED ENTRY--TOPICAL TERM
Topical term or geographic name entry element Creative ability.
9 (RLIN) 7733
650 #0 - SUBJECT ADDED ENTRY--TOPICAL TERM
Topical term or geographic name entry element Happiness.
650 #0 - SUBJECT ADDED ENTRY--TOPICAL TERM
Topical term or geographic name entry element Habit.
9 (RLIN) 37541
650 #0 - SUBJECT ADDED ENTRY--TOPICAL TERM
Topical term or geographic name entry element Intentionality (Philosophy)
9 (RLIN) 94738
906 ## - LOCAL DATA ELEMENT F, LDF (RLIN)
a 7
b cbc
c orignew
d 2
e epcn
f 20
g y-gencatlg
942 ## - ADDED ENTRY ELEMENTS (KOHA)
Source of classification or shelving scheme
Koha item type Lincoln Corner
Holdings
Withdrawn status Lost status Source of classification or shelving scheme Damaged status Not for loan Permanent Location Current Location Shelving location Date acquired Full call number Barcode Date last seen Price effective from Koha item type
          Central Library (CL) Central Library (CL) Lincoln Corner 07/24/2022 153.35 TAN LC-51 07/24/2022 07/24/2022 Reference
© 2023 Central Library, National University of Sciences and Technology. All Rights Reserved.